International Journal of Computing and Artificial Intelligence (Record no. 44056)

MARC details
000 -LEADER
fixed length control field 00430nam a2200133Ia 4500
050 ## - CALL MARK
Classification number Q334 .I58/
245 #0 - TITLE STATEMENT
Title International Journal of Computing and Artificial Intelligence
250 ## - EDITION / VOLUME STATEMENT
Edition / Volume statement Vol. 6, No. 1
260 ## - PUBLICATION, DISTRIBUTION, ETC. (IMPRINT)
Year of publication 2025
300 ## - PHYSICAL DESCRIPTION
Number of Pages 75p. :ill. ; 30 cm.
650 ## - SUBJECT ADDED ENTRY--TOPICAL TERM
Topical Term Intelligence artificielle--Périodiques Informatique douce--Périodiques Artificial intelligence Soft computing
942 ## - ADDED ENTRY ELEMENTS (KOHA)
Koha item type Serials
Source of classification Library of Congress Classification

No items available.